书目信息 |
| 题名: |
化工百科全书
|
|
| 作者: | 《化工百科全书》编辑委员会 编 | |
| 分册: | 第13卷 羟基苯甲醛-山梨酸 | |
| 出版信息: | 北京 化学工业出版社 1997 |
|
| 页数: | 965页 | |
| 开本: | 16开 | |
| 丛书名: | ||
| 单 册: | ||
| 中图分类: | TQ-61 | |
| 科图分类: | ||
| 主题词: | 化学工业 | |
| 电子资源: | ||
| ISBN: | 7-5025-0850-3 | |
| 000 | 00719nam0 2200205 45 | |
| 001 | 0110151531 | |
| 005 | 20031219104051.1 | |
| 010 | @a7-5025-0850-3@b精装@dCNY103.00 | |
| 100 | @a20011015d1997 km y0chiy0120 ea | |
| 101 | 0 | @achi |
| 105 | @a z 000yy | |
| 200 | 1 | @a化工百科全书@h第13卷@i羟基苯甲醛-山梨酸@AHua Gong Bai Ke Quan Shu@f《化工百科全书》编辑委员会等编@F《Hua Gong Bai Ke Quan Shu》Bian Ji Wei Yuan Hui Deng Bian |
| 210 | @a北京@c化学工业出版社@d1997 | |
| 215 | @a965页@d16开 | |
| 517 | @a羟基苯甲醛-山梨酸@AQiang Ji Ben Jia Quan-Shan Li Suan | |
| 606 | 0 | @a化学工业 |
| 690 | @aTQ-61@v4 | |
| 701 | @a《化工百科全书》编辑委员会@4编 | |
| 801 | @aCN@bTSTC@c20011015 | |
| 905 | @f5@b299490-494@dTQ-61@e17:13 | |
| 化工百科全书.第13卷.羟基苯甲醛-山梨酸/《化工百科全书》编辑委员会等编.-北京:化学工业出版社,1997 |
| 965页;16开 |
| ISBN 7-5025-0850-3(精装):CNY103.00 |
| ● |
| 相关链接 |
|
|
|
|
正题名:化工百科全书
索取号:TQ-61/17:13
 
预约/预借
| 序号 | 登录号 | 条形码 | 馆藏地/架位号 | 状态 | 备注 |
| 1 | 0299490 | 202994901 | 密集书库/ [索取号:TQ-61/17:13] | 在馆 | |
| 2 | 0299491 | 202994910 | 密集书库/ [索取号:TQ-61/17:13] | 在馆 | |
| 3 | 0299492 | 202994929 | 密集书库/ [索取号:TQ-61/17:13] | 在馆 | |
| 4 | 0299493 | 202994938 | 工具书阅览室/ [索取号:TQ-61/17:13] | 在馆 | |
| 5 | 0299494 | 202994947 | 第二样本阅览室/ [索取号:TQ-61/17:13] | 在馆 |